Subdivisions of British Columbia - Statistics

General Stats
  • This quiz has been taken 18 times
  • The average score is 13 of 29
Answer Stats
Hint Answer % Correct
Named solely after BC's most important river, and more specifically, the most densely populated part thereof (of which the regional district itself only comprises half the area and maybe a tenth of the population!) Fraser Valley
72%
The extended urban area of the largest city of BC and Canada's busiest port city. Metro Vancouver
67%
Named after the second-largest urban area on Vancouver Island and home to an eponymous chocolate-custard bar. Nanaimo
61%
Part of the name is from BC's most important river, and the other part from the original name of what is now the largest city in northern BC. Fraser-Fort George
56%
The northernmost part of BC's shoreline. Should be easy. North Coast
56%
The northernmost part of a major mountain range that runs from British Columbia to New Mexico Northern Rockies
56%
One of two regions named solely after BC's most famous lake. Basically Kelowna's metro area although that city's not in the name. Central Okanagan
50%
Named after a company town in its south that might make a good sleeping pad for a cat, and a "sticky" river whose basin is primarily in BC but whose delta is in the Alaskan Panhandle! Kitimat-Stikine
50%
One of two regions named solely after BC's most famous lake. Largest city is Vernon. North Okanagan
50%
Named after two major rivers of central BC, one meaning "son of Thomas" and the other sounding like the Serbo-Croatian version of "Nicholas." Thompson-Nicola
50%
The name is pronounced the same as that of the name of feral or wild reindeer. Cariboo
44%
The midmost part of BC's shoreline and also the sparsest-populated besides the farthest-north. Central Coast
44%
The midmost part of the region starting with K, and also the one where the K river enters the USA Central Kootenay
44%
Think "stream of tranquility." Shares its name with a town in Alberta. Peace River
44%
Named after two towns that are in turn named after two indigenous entities - Sḵwx̱wu'mesh and Lil'wat. Squamish-Lillooet
44%
If you get lost here you'd be in a "sticky" situation as the entire region has just around 740 people living in it! Stikine
44%
If you were to name a shoreline region where the sun is out a lot, you'd probably call it Sunshine Coast
44%
Where BC Parliament sits. Capital
39%
A small RD on north-central Vancouver Island that contains three main settlements, including one bearing the name of the glacier after which the RD itself is named. The name is also quite similar to an Italian city that rhymes with the Latin word for "man." Comox Valley
39%
Sits right on the Rockies and the border of Alberta. Holds the source of two major rivers, including the one BC is named after. East Kootenay
39%
Named after the tallest mountain completely within British Columbia borders. May look similar to "Paddington" but doesn't rhyme with it! Mount Waddington
39%
One of the very few third-order divisions in Canada that starts with "Q;" would be pronounced similarly to "catheter" but without the last syllable. qathet
39%
Named for an alternate name of Glen Coe in Scotland; shares its name with a provincial park and a suburb of Edmonton, Alberta. Strathcona
39%
Part of the name reminds one of US Democrat politicians Gore and Sanders. The other is named after a "sound" on the west of Vancouver Island pronounced "CLACK-watt" Alberni-Clayoquot
33%
Named for two rivers, one being a tributary of BC's primary river and the other, although almost touching the first, is not even within the same basin and has a last name that makes him sound kinda fat in English! Bulkley-Nechako
33%
One part of the name is the major river after which BC was named, and the other is named after a roughly-X-shaped lake in central BC. Columbia-Shuswap
33%
From an indigenous word meaning "warm land." Cowichan Valley
28%
Although it's the westernmost part of the region named after a certain river starting in K, it is not called Western K_____, but something else related to it being the border of the region! Kootenay Boundary
28%
Named after the two main rivers, and the famous lake that shares a name with one of the rivers, in south-central British Columbia. Okanagan-Similkameen
22%
No matching quizzes found
Score Distribution
Percent of People with Each Score
Percentile by Number Answered
Your Score History
You have not taken this quiz